000 00518nam a2200181Ia 4500
003 GCL
008 140319s9999 xx 000 0 eng d
040 _aGCL /
_cGCL
082 0 4 _a375.0083
_bM E
100 1 _aMORGAN, EILEEN
245 1 0 _aENVIRONMENTAL SCIENCE: MANAGING BIOLOGICAL AND PHYSICAL RESOURCES /
_cMORGAN, EILEEN
700 1 _aMORGAN, MICHAEL D.
700 1 _aMORAN, JOAEPH M.
260 _a[S.N] :
_bWM. C. BROWN PUBLISHERS ،
_c1993
650 0 4 _aENVIRONMENT
650 0 4 _aBIOLOGY
942 _2ddc
_cBK
999 _c16772
_d16772